Στρατός και πολιτική
Saved in:
| Main Author: | |
|---|---|
| Format: | Book |
| Language: | Greek |
| Published: |
Αθήνα :
Σάκκουλας,
1989
|
| Subjects: | |
| Tags: |
Add Tag
No Tags, Be the first to tag this record!
|
MARC
| LEADER | 00000cam a2200000 i 4500 | ||
|---|---|---|---|
| 001 | 1/97415 | ||
| 008 | 950216s1989 gr | ||| |||| ||gre|| | ||
| 035 | |l 10010547 | ||
| 040 | |a GR-MY-UA |b gre |e aacr | ||
| 041 | 0 | |a gre | |
| 082 | 0 | |a 322.5 | |
| 100 | 1 | |a Βερέμης, Θάνος Μ., |d 1943- | |
| 245 | 1 | 0 | |a Στρατός και πολιτική / |c Θάνος Βερέμης |
| 260 | |a Αθήνα : |b Σάκκουλας, |c 1989 | ||
| 300 | |a 146 σ. | ||
| 500 | |a Περιέχει κείμενα των :Θάνου Βερέμη,Samuel Finer,Alfred Stepan,Eric Nordlinger | ||
| 650 | 0 | 0 | |a Armies |x Political aspects. |
| 650 | 0 | 0 | |a Political science. |
| 852 | |a INST |b LESVOS |e 19950216 |h 322.5 BEP |p 005100002900 |q 005100002900 |t BK |y 0 | ||
| 909 | |a Λ |b 025147 | ||